The Contraction of magnetized cloud / (رقم التسجيلة. 178470)

تفاصيل مارك
000 -LEADER
fixed length control field 01327namaa22003371i 4500
005 - أخر تعامل مع التسجيلة
control field 20260301114356.0
008 - FIXED-LENGTH DATA ELEMENTS--GENERAL INFORMATION
fixed length control field 260215s1994 ua a|||frm||| 000 0 eng d
040 ## - CATALOGING SOURCE
Original cataloguing agency EG-GICUC
Language of cataloging eng
Transcribing agency EG-GICUC
Modifying agency EG-GICUC
Description conventions rda
041 0# - LANGUAGE CODE
Language code of text/sound track or separate title eng
Language code of summary or abstract eng
-- ara
049 ## - Acquisition Source
Acquisition Source Deposit
097 ## - Degree
Degree Ph.D
099 ## - LOCAL FREE-TEXT CALL NUMBER (OCLC)
Local Call Number Cai01.12.01.Ph.D.1994.Ma.C
100 0# - MAIN ENTRY--PERSONAL NAME
Authority record control number or standard number Magdy Youssef Amin ,
Preparation preparation.
245 14 - TITLE STATEMENT
Title The Contraction of magnetized cloud /
Remainder of title
Statement of responsibility, etc. By Magdy Youssef Amin ; Supervised Prof. Dr. A. Aiad , Prof. Dr. Bader G . Ateya, Prof.Dr. M. A. Sharf, Dr. M. S. El Nawawy.
246 15 - VARYING FORM OF TITLE
Title proper/short title انكماش سحابة بين نجمية ممغنطة
264 #0 - PRODUCTION, PUBLICATION, DISTRIBUTION, MANUFACTURE, AND COPYRIGHT NOTICE
Date of production, publication, distribution, manufacture, or copyright notice 1994
300 ## - PHYSICAL DESCRIPTION
Extent 285 Leaves :
Other physical details illustrations ;
Dimensions 30 cm. +
336 ## - CONTENT TYPE
Source rda content
Content type term text
337 ## - MEDIA TYPE
Source rdamedia
Media type term Unmediated
338 ## - CARRIER TYPE
Source rdacarrier
Carrier type term volume
502 ## - DISSERTATION NOTE
Dissertation note Thesis (Ph.D.) -Cairo University, 1994
504 ## - BIBLIOGRAPHY, ETC. NOTE
Bibliography, etc. note Bibliography: pages 275-285.
653 #0 - INDEX TERM--UNCONTROLLED
Uncontrolled term cloud
-- magnetized
700 0# - ADDED ENTRY--PERSONAL NAME
Personal name A. Aiad
Relator term thesis advisor.
700 0# - ADDED ENTRY--PERSONAL NAME
Personal name Bader G . Ateya
Relator term thesis advisor.
700 0# - ADDED ENTRY--PERSONAL NAME
Personal name M. A. Sharf
Relator term thesis advisor.
700 0# - ADDED ENTRY--PERSONAL NAME
Personal name M. S. El Nawawy
Relator term thesis advisor.
900 ## - Thesis Information
Department Department of Astronomy
Faculties Faculty of Science
Universities Cairo University
Grant date 1994
Supervisory body A. Aiad
-- Bader G . Ateya
-- M. A. Sharf
-- M. S. El Nawawy
905 ## - Cataloger and Reviser Names
Cataloger Name Nagat Ghanem
Reviser Names Nourhan
942 ## - ADDED ENTRY ELEMENTS (KOHA)
Source of classification or shelving scheme Dewey Decimal Classification
Koha item type Thesis
Edition 21
Suppress in OPAC No
المقتنيات
Source of classification or shelving scheme Home library Current library Date acquired Inventory number Full call number Barcode Date last seen Effective from Koha item type
Dewey Decimal Classification المكتبة المركزبة الجديدة - جامعة القاهرة مكتبة المئوية 15.02.2026 24944 Cai01.12.01.Ph.D.1994.Ma.C 01010110024944000 15.02.2026 15.02.2026 Thesis
Cairo University Libraries Portal Implemented & Customized by: Eng. M. Mohamady Contacts: new-lib@cl.cu.edu.eg | cnul@cl.cu.edu.eg
CUCL logo CNUL logo
© All rights reserved — Cairo University Libraries
CUCL logo
Implemented & Customized by: Eng. M. Mohamady Contact: new-lib@cl.cu.edu.eg © All rights reserved — New Central Library
CNUL logo
Implemented & Customized by: Eng. M. Mohamady Contact: cnul@cl.cu.edu.eg © All rights reserved — Cairo National University Library